000 00305nam a22001337a 4500
008 170331b xxu||||| |||| 00| 0 eng d
020 _a0801675561
041 _aeng
080 _22ND
_a617
100 _a8
101 _aSHM
245 _aREHABILITATION OF THE INJURED KNEE
_cGRIFFIN, L.Y
942 _2udc
_cBK
999 _c9327
_d9327